Statistics for Countries without militaries

Click here to take the quiz!

General Stats

  • This quiz has been taken 54 times
  • The average score is 16 of 21

Answer Stats

ContinentCountry% Correct
EuropeVatican City
93%
EuropeAndorra
89%
OceaniaNauru
87%
EuropeMonaco
82%
OceaniaPalau
82%
EuropeLiechtenstein
80%
North AmericaSaint Lucia
80%
OceaniaMarshall Islands
78%
North AmericaCosta Rica
76%
OceaniaKiribati
76%
OceaniaMicronesia
76%
OceaniaTuvalu
76%
OceaniaVanuatu
76%
OceaniaSamoa
73%
North AmericaGrenada
71%
North AmericaSaint Vincent and the Grenadines
71%
OceaniaSolomon Islands
71%
EuropeIceland
60%
North AmericaPanama
60%
North AmericaDominica
58%
AfricaMauritius
53%

Score Distribution

Percentile by Number Answered

Percent of People with Each Score

Your Score History

You have not taken this quiz